Statistics for All Slap Battles Gloves

Click here to take the quiz!

General Stats

  • This quiz has been taken 48 times
    (8 since last reset)
  • The average score is 76 of 215

Answer Stats

Abilities\PassivesGloveCost% Correct
Fart BlastDefault0 slaps
100%
SchlepBoomerang1625 slaps
83%
The Stone AgeDiamond45 slaps
83%
Random PowerDice565 slaps
83%
Dual WieldDual10 slaps
83%
InvisibilityGhost666 slaps
83%
HaulPull250 slaps
83%
Giant WallPusher1250 slaps
83%
Slow EnemiesSnow195 slaps
83%
Slow SnowSnow3750 slaps (FSB)
83%
Zero-GSpace1500 slaps
83%
BoingSpring380 slaps
83%
EMPStun870 slaps
83%
Swap PositionSwapper420 slaps
83%
Time ReversalThanos795 slaps
83%
A MimirZZZZZZZ70 slaps
83%
DockAnchor1350 slaps
67%
STOP POSTING ABOUT BALLERBaller19000 slaps
67%
Litter TrapBrick150 slaps
67%
Hard HitterBull520 slaps
67%
Traffic AccidentbusTo the moon badge
67%
Szemtelen ManóCheeky3000 slaps
67%
Long reachExtended650 slaps (FSB)
67%
ReachExtended105 slaps
67%
TeleportationFlash315 slaps
67%
WallFort1075 slaps
67%
One-ShotGod20000 slaps (FSB)
67%
PowerupGolden2500 slaps
67%
Gravity jumpGravity250 slaps (FSB)
67%
2x GravityGravity28000 slaps
67%
Gummy PopGumAdmin-exclusive
67%
YOU`RE OUTHome Run20000 slaps
67%
die (epically)L.O.L.B.O.M.B925 slaps
67%
Massless MagnetismMagnet1125 slaps
67%
Inconvenient EmailMail2000 slaps
67%
Meteor ShowerMeteor31000 slaps
67%
ParryParry29000 slaps
67%
SkedaddleSlapstick40000 slaps
67%
SliceSlicer22000 slaps
67%
SpeedSpeed5000 slaps (FSB)
67%
SpeedrunSpeedrun1750 slaps
67%
Backstab & DisguiseSpyPredator badge
67%
Ink SplatterSquid2750 slaps
67%
Hammer TimeSTOP13000 slaps
67%
Unexpected AttackTABLEAdmin-exclusive
67%
Gradual GrowthT H I C K2250 slaps
67%
It´s homin´ timeTrack14000 slaps
67%
Erasure PullZa Hando1000 slaps
67%
RelocateAdios8000 slaps
50%
InflateBalloony10500 slaps
50%
Summon StandBeatdown41000 slaps
50%
VoidBlackhole36000 slaps
50%
ConcealBlink38000 slaps
50%
BlockBlocked8500 slaps
50%
BonkBONK43000 slaps
50%
Attached ThrusterBooster17000 slaps
50%
CluckersChicken42000 slaps
50%
Cloud SummonCloud27000 slaps
50%
Spring PistolCoil9750 slaps
50%
Restraining OrderConveyor10000 slaps
50%
BarrierDefense4500 slaps
50%
MagnetizeDivert8750 slaps
50%
1v1 me noobDuelist6500 slaps
50%
SentryEngineer9000 slaps
50%
DigExcavator23000 slaps
50%
Ferry OarFerryman35000 slaps
50%
Grappling hookGrapple26000 slaps
50%
BlessingGuardian Angel33000 slaps
50%
Gummy PopGummy7750 slaps
50%
FreezeIce7500 slaps
50%
IllusionJebaited30000 slaps
50%
Soul SnatcherKillstreak5000 slaps
50%
NightNightmare24000 slaps
50%
Cooking TimeOven32000 slaps
50%
Phantom DashPhantom11000 slaps
50%
PongPing Pong18000 slaps
50%
Mr. PresidentPocket26000 slaps
50%
HideProp39000 slaps
50%
Time´s UpReaper3500 slaps
50%
Genetic EngineeringReplica4000 slaps
50%
Opposite DayReverse5500 slaps
50%
Rockifying RollerRocky9500 slaps
50%
Anti Slap TechShield16000 slaps
50%
ForcefieldShield2000 slaps (FSB)
50%
You are already deadShukuchi6000 slaps
50%
Cruel SunSun34000 slaps
50%
Unexpected AttackTableflip15000 slaps
50%
VoltThor25000 slaps
50%
Let It RipWhirlwind21000 slaps
50%
Shockwavewoah7000 slaps
50%
PortalsWormhole12000 slaps
50%
🗿🗿🗿
33%
RollAcrobatJoin the Group
33%
bobbobbob badge
33%
Jack-O-LanternHallow JackJack´s Will badge
33%
Hammer TimeHammerToolbox badge
33%
Low GravityMoonez badge
33%
Explosion that flings surrounding players with 50 powerPow4000 slaps (Slap Royale)
33%
Abduction[REDACTED]Evaded badge
33%
Random Fling DirectionRNGRNGod badge
33%
robrobEmissary of Light
33%
Encasement.RunIt´s Finally Over badge
33%
Admin AbuseAdminCERTIFIED ADMIN badge
17%
Summon CauldronAlchemistContainment Breach badge
17%
RAHHHHBerserkGO BERSERK
17%
Dont Look UpBlasphemyG-Grandson..? badge
17%
CaptureBOBBLEAdmin-exclusive
17%
DetonationBombShort Fuse badge
17%
Get Jazzy With ItBoogieBoogie With It
17%
"YOU ARE GOING TO BRAZIL"brazilAdmin-exclusive
17%
CaptureBubbleHarbinger of Death & 250 badges
17%
Forceful FriendshipbuddiesThe Touch of Midas badge
17%
Chain LightningChainTHE ACCIDENT badge
17%
Charge AttackChargeKiller badge
17%
Genetic engineeringClone()Admin-exclusive
17%
Brain DamageConfusionwhat badge
17%
CounterCounterDa Maze Runner
17%
SynergyCULTgood job badge
17%
CustomCUSTOM749 robux
17%
Blast TagDetonatorHead Hunter badge
17%
Disarm OpponentDisarmMemento Mori badge
17%
PropulsionDivebombNull Piercer badge
17%
Area DominanceDominanceIsland Conqueror badge
17%
Wild VinesDruidGardens and Ghouls badge
17%
TelekinesisedgelordAdmin-exclusive
17%
RelocationEludeEXPOSED badge
17%
DeathError20000 slaps
17%
Gain +4 power each killFaculty5000 slaps (Slap Royale)
17%
Festive LauncherFireworkEasy As Pie badge
17%
FlopfishDEEP SLUMBER badge
17%
Flaming BoomerangFlamarangUnderkill badge
17%
Ice AgeFrostbiteIce Essence badge
17%
TrojanGlitch01010010 01010101 01001110 badge
17%
ShovelGlovelThe Hunt badge
17%
GooberGoofyCHAOS badge
17%
Mystery AbilityHitmanSharp Shooter & Court Evidence badges
17%
All-In-OneHybridProlonged Anger badge
17%
Ice SkateIceskateSlap Battles:On Ice badge
17%
Cards & Pies!JesterNow You See Me badge
17%
AirstrikeJetOrb of Flight badge
17%
JuanJoustStand your ground badge
17%
High GravityJupiterDeath Dodger badge
17%
Self-DetonationKABOOM16000 slaps (Slap Royale)
17%
Infinite FlopKillerfishAdmin-exclusive or 99 robux
17%
Percussive BlastKineticKinetically Charged badge
17%
Off with itKnockoffCode Breaker badge
17%
Hand of the AbyssKrakenEscape the Abyss badge
17%
IlluminateLampFriend of the Dark badge
17%
Lasso DragLeashDemonic Ritual
17%
Life LinkLinkError glove badge
17%
LureLureCatch Emm All badge
17%
Infinite grappling hookmanspiderAdmin-exclusive
17%
MEGAROCKMODEMEGAROCKWHY badge
17%
Litter TrapminecraftAdmin-exclusive
17%
AirdropMittenLucky Gift badge
17%
Twisted BlessingNecromancerSweet-Tooth Sovereign & Infected badges
17%
Cloud SummonNimbusAdmin-exclusive
17%
Null SpawnNullThe Relic badge
17%
Obby BuilderObbyULTRAROCK badge
17%
Glove JugglingOrbitYou monster badge
17%
Hot TouchOverkill999 robux
17%
Start with 10 extra powerPack-a-Punch0 slaps (Slap Royale)
17%
RedirectPanInto the Crypt badge
17%
PermeablePhaseUnphased badge
17%
InfectPlagueInfected badge
17%
hot potatopotatoSorry to burst your bubble badge
17%
TelekinesisPsychoUltimate Control badge
17%
ShatterQuakeBlasting Off Again badge
17%
FrenzyRageAnticlimactic End badge
17%
LarryRattlebonesCandy King badge
17%
It´s Rewind TimeRecallRepressed Memories badge
17%
Retro AbilityRetroParkour Pwner badge
17%
RhythmRhythmTotal Rhythm badge
17%
Hollow PurpleRojoSee in the dark badge
17%
Gift SackSantaEpic christmas swag points accumulator badge
17%
CleaveScytheFarmland Fray badge
17%
Ice ShardsShardFirefighter badge
17%
ShockwaveShockwave3000 slaps (FSB)
17%
Defensive TreeSlappleThe Golden Slapple badge
17%
Snowball ThrowSnowballLimited Time Gamemode glove
17%
Snow TurretSnowballEngineer´s Gift badge
17%
SPARKYGANSparkyIncredible Running Man badge
17%
Invincibility, FlightSpectator149 robux
17%
spinningspin-3 slaps
17%
KicksusAdmin-exclusive
17%
Start with 30 more HPTank3000 slaps (Slap Royale)
17%
Touch of MidasThe Flex100000 slaps
17%
Frenzy BotTinkererGreat Escape badge
17%
LARGE SHENANIGANSTitan3.49 USD
17%
Train accidentTrainAdmin-exclusive
17%
Bear TrapTrapBrick Master badge
17%
Mini TycoonTycoonPlate Master badge
17%
Create a portal between two locationsVoid8000 slaps (Slap Royale)
17%
Voodoo PossesionVoodooInsanity badge
17%
Beam AmbushWarpSavior badge
17%
Start with extra 1 speed and 5 jumpAerialist2000 slaps (Slap Royale)
0%
Heals player underwaterAquarius9000 slaps (Slap Royale)
0%
Large sizedBig850 slaps (FSB)
0%
CannonCannoneer399 robux (Slap Royale)
0%
DashDash1250 slaps (FSB)
0%
Glacier SpawnGlacier15000 slaps (Slap Royale)
0%
Stop TimeGod´s Hand45000 slaps
0%
NoneGolden SlappleNon-playable
0%
All hit´s damage and knockback reduced by 20%Juggernaut7000 slaps (Slap Royale)
0%
Fire a missileMissile-Launcher14000 slaps (Slap Royale)
0%
After being slapped gain +25 power against the person that slapped youRevenge6000 slaps (Slap Royale)
0%
NoneSlapple FruitNon-playable
0%
Special SlapSpecialN/A
0%
ThundercloudThundercaller13000 slaps (Slap Royale)
0%
50% dodgeUltra Instinct679 robux
0%
ReactivelyVampire399 robux (Slap Royale)
0%
Increased RegenerationVigorous0 slaps (Slap Royale)
0%
NoneWhite0 slaps (FSB)
0%
Brew a random empowering potionWitchWitch Brew badge
0%
Fart BlastZombieSub-glove
0%

Score Distribution

Percentile by Number Answered

Percent of People with Each Score

Your Score History

You have not taken this quiz since the last reset